000 00456nab a2200145Ia 4500
003 ES-SlBCS
005 20210601131735.0
008 140529s1956 xxu||||| |||| 00| 0 fre d
041 _afre
100 1 _aRustan, Marie-Josèphe
_9188462
245 0 0 _aIntroduction à l'oeuvre poétique de Victor Segalen
_c Marie-Josèphe Rustan
600 1 4 _aSegalen, Victor
_9188463
773 0 _tVie Intelectuelle (La)
_gnº. 6, 1956, págs. 114-133
_wRev907
942 _cAR
999 _c567984
_d567984